00229nam a2200109Ia 4500008004100000041001200041082001100053100001300064245002900077260000600106650000700112221030s9999 xx 000 0 und d aEnglish a105.23 aZ. Bodie 0aInvestmentscby Z. Bodie c0 aMb